<?xml version="1.0" encoding="UTF-8"?>
<marc:record xmlns:marc="http://www.loc.gov/MARC21/slim">
   <marc:leader>00000nam a2200000 a 4500</marc:leader>
   <marc:datafield ind1="1" ind2=" " tag="100">
      <marc:subfield code="a">Städing, Sabine</marc:subfield>
      <marc:subfield code="4">aut</marc:subfield>
      <marc:subfield code="e">Verfasser/-in</marc:subfield>
   </marc:datafield>
   <marc:datafield ind1=" " ind2=" " tag="653">
      <marc:subfield code="a">Hexe</marc:subfield>
   </marc:datafield>
   <marc:datafield ind1=" " ind2=" " tag="653">
      <marc:subfield code="a">Freundschaft</marc:subfield>
   </marc:datafield>
   <marc:datafield ind1=" " ind2=" " tag="653">
      <marc:subfield code="a">Kind</marc:subfield>
   </marc:datafield>
   <marc:datafield ind1=" " ind2=" " tag="653">
      <marc:subfield code="a">Kinderbuch</marc:subfield>
   </marc:datafield>
   <marc:datafield ind1=" " ind2=" " tag="653">
      <marc:subfield code="a">Kinderbücher bis 11 Jahre</marc:subfield>
   </marc:datafield>
   <marc:datafield ind1=" " ind2=" " tag="653">
      <marc:subfield code="a">Kinderbücher</marc:subfield>
   </marc:datafield>
   <marc:datafield ind1="0" ind2="0" tag="245">
      <marc:subfield code="a">Petronella Apfelmus - Zauberschlaf und Knallfroschchaos</marc:subfield>
   </marc:datafield>
   <marc:datafield ind1="0" ind2="0" tag="245">
      <marc:subfield code="c">Städing, Sabine</marc:subfield>
   </marc:datafield>
   <marc:datafield ind1=" " ind2="1" tag="264">
      <marc:subfield code="a">Köln</marc:subfield>
      <marc:subfield code="b">Boje</marc:subfield>
      <marc:subfield code="c">2015</marc:subfield>
   </marc:datafield>
   <marc:datafield ind1=" " ind2=" " tag="250">
      <marc:subfield code="a">Orig.-Ausg.</marc:subfield>
   </marc:datafield>
   <marc:datafield ind1="1" ind2=" " tag="520">
      <marc:subfield code="a">Petronella Apfelmus - die magische Kinderbuch-Reihe zum Vorlesen und Selberlesen für Kinder zwischen 4 und 9 Jahren
Entdecke die zauberhaften Geschichten mit der beliebten Apfelhexe - voller Magie, Freundschaft und kleiner Abenteuer in der Natur
• Band 2 der beliebten Kinderbuch-Reihe rund um Apfelhexe Petronella Apfelmus
• Lustige und spannende Vorlesegeschichten über Freundschaft, Mut und kleine Hexenabenteuer
• Liebevoll illustriert - mit wunderschönen Bildern zum Entdecken von SaBine Büchner
• Ideal als Geschenk für Kinder im Kindergarten- und Grundschulalter - zum Vorlesen oder Selberlesen

Petronella Apfelmus und die Kuchenbrand-Zwillinge Lea und Luis sind ganz aufgeregt: Ein Zirkus kommt in die Stadt! Und sie können es kaum erwarten, die bunten Zelte und die magische Welt der Artisten zu entdecken. Als Lea und Luis sogar einen Blick hinter die Kulissen werfen dürfen, schließen sie schnell Freundschaft mit den Zirkuskindern. Doch irgendetwas stimmt nicht im Zirkus! Der strenge Spitzbartrix, der den erkrankten Zirkusdirektor vertritt, behandelt die kleinen Artisten schlecht. Als Lea und Lus beobachten, wie eines der Kinder gezwungen wird, eine gefährliche Trapeznummer ohne Sicherung zu üben, hört der Spaß auf: Petronella muss eingreifen - und das am besten mit einer ordentlichen Portion Hexenzauber!</marc:subfield>
   </marc:datafield>
   <marc:datafield ind1=" " ind2=" " tag="020">
      <marc:subfield code="a">9783414824158</marc:subfield>
      <marc:subfield code="9">9783414824158</marc:subfield>
   </marc:datafield>
   <marc:datafield ind1=" " ind2=" " tag="020">
      <marc:subfield code="a">3414824159</marc:subfield>
      <marc:subfield code="9">3414824159</marc:subfield>
   </marc:datafield>
   <marc:datafield ind1=" " ind2=" " tag="041">
      <marc:subfield code="a">ger</marc:subfield>
   </marc:datafield>
   <marc:datafield ind1=" " ind2=" " tag="300">
      <marc:subfield code="b">Ill.</marc:subfield>
   </marc:datafield>
   <marc:datafield ind1="1" ind2=" " tag="521">
      <marc:subfield code="a">Kind</marc:subfield>
   </marc:datafield>
   <marc:datafield ind1=" " ind2=" " tag="338">
      <marc:subfield code="a">Band</marc:subfield>
   </marc:datafield>
   <marc:datafield ind1=" " ind2=" " tag="300">
      <marc:subfield code="a">207 S.</marc:subfield>
   </marc:datafield>
</marc:record>
